000 00318nam a2200157Ia 4500
100 _aVerma/C.S
650 _aComputer graphics
942 _cBK
366 _f20
245 _aComputer Graphics
260 _bAne Books
_c2012
082 _a6.6
_bVER
300 _a167
546 _aENGLISH
_cComputers
999 _c25034
_d25034